000 01324nam a22003250a 4500
001 PT13866
003 AR-LpoUNG
005 20210131232608.0
008 191001s2000||||ag |||||||||||||||||spa d
020 _a9505346034
_c$6.05
040 _aAR-LpoUNG
_bspa
_cAR-LpoUNG
_eaacr
041 _aspa
044 _aag
082 0 _a372.044 7 537ma
100 1 _aBerté, Annie
245 1 0 _aMatemática dinámica
250 _a2º edición
260 _aBuenos Aires :
_bA-Z,
_c2000.
300 _a295 p. :
_btbls., il.
505 0 _aColección Temas y problemas de EGB
520 _aTanto los docentes como los estudiantes encontrarán en él ideas originales para concebir situaciones de enseñanza muy diferentes a las que ellos vivieron en aquellas edades. Estas sitauciones se muestran a través de los diálogos entre cuatro alumnos de diferentes edades quienes, mediante esos interncambios y con la ayuda del profesor, construyen sus saberes. Algunos comentarios y textos teóricos complententan esos diálogos. La teoría y los hechos se iluminan mutuamente.
650 4 _aENSEÑANZA
650 4 _aMATEMATICAS
650 4 _aPERSONAL DOCENTE
650 4 _aPRACTICA PEDAGOGICA
651 4 _aDOCUMENTOS TEORICOS O METODOLOGICOS
700 1 _aCaffaro, Margarita,trad.
905 _a13866
942 _cLIB
999 _c16443
_d16443